| 000 | 00560nam a2200229Ia 4500 | ||
|---|---|---|---|
| 003 | OSt | ||
| 005 | 20220918200820.0 | ||
| 006 | a|||||r|||| 00| 0 | ||
| 007 | ta | ||
| 008 | 220917b |||||||| |||| 00| 0 eng d | ||
| 024 | _a90,391 | ||
| 037 | _cTextual | ||
| 040 |
_aARTS _cARTS _beng |
||
| 041 |
_2eng _aeng |
||
| 082 | _aU8:5:N3, J9 (GE) | ||
| 100 |
_aStewart Cecil _995664 |
||
| 245 | 0 | _aByzantine legacy | |
| 260 | _c1959 | ||
| 650 | _aGEOGRAPHY | ||
| 942 |
_hU8:5:N3, J9 (GE) _cTEXL _2CC |
||
| 999 |
_c214056 _d214056 |
||